| 000 | 01063nam a2200229Ia 4500 | ||
|---|---|---|---|
| 001 | L700-29054 | ||
| 003 | IT-CnALBA | ||
| 008 | 170116s9999||||xx |||||||||||||| ||und|| | ||
| 040 |
_aIT-CnALBA _cIT-CnALBA |
||
| 041 | _aITALIANO | ||
| 100 | _aCHIAIA VITTORIO | ||
| 245 | 0 | _aMOSTRA PER UNA CHIESA PARROCCHIALE A MASSAFRA, BARI. | |
| 250 | _a1a ed. | ||
| 260 |
_a MOTTOLA, BARI _bSTAMPASUD - TIPOLITO _c1969 [1° Ed.:1969 - Ed.Ling.Originale: 1969] |
||
| 300 | _a46 p. | ||
| 500 | _aMOSTRA AL CASTELLO SVEVO: APRILE 1969. AGAPE. CRATER SANCTUS. IN HOC SIGNO. IO CREDO. PRIMARIA '90. MACHINE. MISSIO '68. PASTORALE APERTA. SALMO 90. SEGNO DEI TEMPI. TEODORA. | ||
| 501 | _aSocietà San Paolo EM - Piazza San Paolo, 14 - 12051 ALBA (CN) (non commercial uses only) ® Copyright 2017 | ||
| 520 | _aMOSTRA AL CASTELLO SVEVO: APRILE 1969. AGAPE. CRATER SANCTUS. IN HOC SIGNO. IO CREDO. PRIMARIA '90. MACHINE. MISSIO '68. PASTORALE APERTA. SALMO 90. SEGNO DEI TEMPI. TEODORA. | ||
| 650 | _aBELLE ARTI-ARTI DECORATIVE | ||
| 942 | _cBK | ||
| 957 | _71 | ||
| 999 |
_a33824 _bNO _g Copie: 1 _c287989 _d287989 |
||